| 000 | 03552cam a2200313 a 4500 | ||
|---|---|---|---|
| 001 | 12721662 | ||
| 003 | AUA.1 | ||
| 005 | 20160228112209.0 | ||
| 008 | 020327s2002 njua b 001 0 eng | ||
| 010 | _a 2002025774 | ||
| 020 | _a0875525164 (pbk.) | ||
| 040 |
_aDLC _cDLC _dDLC |
||
| 050 | 0 | 0 |
_aBS 476 _b.M333 2002 |
| 082 | 0 | 0 |
_a220.6/01 _221 |
| 100 | 1 |
_aMcCartney, Dan. _94192 |
|
| 245 | 1 | 0 |
_aLet the reader understand : _ba guide to interpreting and applying the Bible / _cDan McCartney, Charles Clayton. |
| 250 | _a2nd ed. | ||
| 260 |
_aPhillipsburg, N.J. : _bP&R Pub., _cc2002. |
||
| 300 |
_aix, 378 p. : _bill. ; _c23 cm. |
||
| 504 | _aIncludes bibliographical references (p. 313-363) and indexes. | ||
| 505 | _aContents: | ||
| 505 | _a Introduction: God's Word and human understanding: What is the problem? -- Part One: The foundation of understanding: Presuppositions -- 1. Truth, language, and sin -- The pillar of understanding: Truth -- The vehicle of understanding: Language -- The spoiler of understanding: Sin -- Summary -- 2. Knowing God: Presuppositions about the Bible and creation -- Is the Bible the Word of God? -- Is the Bible true? -- Is the Bible coherent? -- The Bible and the world -- 3. The foundation and the frame: Presuppositions and interpretation -- Presuppositions and method -- Tradition and the church -- The Holy Spirit: The ultimate interpreter -- Part Two: Interpretation in theory -- 4. The church and biblical interpretation -- The early church: Justin Martyr and Irenaeus -- The developing church: Origen and Theodore -- The Middle Ages: Aquinas -- The Reformation: Luther and Calvin -- The modern church: From Schleirmacher to Bultmann -- The literary turn: From literary criticism to postmodernism -- Summary -- 5. The grammatical-historical method: Knowing what it meant -- Meaning and understanding semantics -- Culture and understanding -- Context and understanding -- Genre and understanding -- 6. Removing the veil: From what it meant to what it means -- History and beyond -- Typology and "fuller meaning" -- The Bible interprets itself -- Redemptive history and present application -- Conclusion. Part Three: Interpretation in practice -- 7. Studying God's Word -- Spiritual preparation -- Analyzing passages -- Understanding the Bible on its own terms -- Priorities of interpretation -- Two examples -- 8. Biblical genres -- Theological history -- Law -- Poetry -- Prophecy -- Parables -- Epistles -- Apocalyptic -- 9. The Bible in worship and witness -- Scripture and worship -- Scripture and witness -- 10. Scripture and guidance -- Guidance needs to be in context -- What is "God's will"? -- Submission to God -- Understanding God and His ways -- Understanding God's sovereignty -- Conclusion -- Appendix A: Where is meaning? -- Authorial intent -- Autonomous texts -- Reader response -- Conclusion -- Appendix B: The historical-critical method -- General description and evaluation -- "Scholarly" methods. | ||
| 630 | 0 | 0 |
_aBible _xHermeneutics. _94193 |
| 700 | 1 |
_aClayton, Charles. _94194 |
|
| 906 |
_a7 _bcbc _corignew _d1 _eocip _f20 _gy-gencatlg |
||
| 942 |
_2lcc _cBOOK _hBS 476 _i.M333 2002 |
||
| 999 |
_c1175 _d1175 |
||